[Event "7. Lichtenberger Sommer"]
[Site "Berlin"]
[Date "2008.08.16"]
[Round "1.27"]
[White "Amelang, Thomas"]
[Black "Kapp, Frank"]
[Result "1-0"]
[WhiteElo "2176"]
[BlackElo "1748"]
[PlyCount "61"]
[EventDate "2008.??.??"]
[WhiteTeam "SK Siemens München"]
[BlackTeam "TSV IFA Chemnitz"]

1. e4 e6 2. Nc3 d5 3. d3 Bb4 4. Bd2 Ne7 5. g3 Bd7 6. Bg2 d4 7. Nce2 Bxd2+ 8.
Qxd2 e5 9. f4 f6 10. Nf3 Bg4 11. O-O O-O 12. fxe5 Bxf3 13. exf6 Bxg2 14. fxe7
Rxf1+ 15. Rxf1 Qxe7 16. Kxg2 c5 17. Nf4 Nd7 18. Nd5 Qd6 19. Qg5 Re8 20. Rf4 Qe5
21. Rf5 Qd6 22. Qf4 Qxf4 23. gxf4 Re6 24. Kf3 g6 25. Rg5 Kf7 26. e5 h6 27. Rg2
g5 28. Nc7 gxf4 29. Nxe6 Nxe5+ 30. Kxf4 Kxe6 31. Re2 1-0

[Event "7. Lichtenberger Sommer"]
[Site "Berlin"]
[Date "2008.08.16"]
[Round "1.29"]
[White "Schnitzer, Peter"]
[Black "Vollbrecht, Lars"]
[Result "1-0"]
[WhiteElo "2176"]
[BlackElo "1709"]
[PlyCount "72"]
[EventDate "2008.??.??"]
[WhiteTeam "SC Kreuzberg e.V."]
[BlackTeam "SF Siemensstadt"]

1. e4 e5 2. Nf3 d6 3. d4 exd4 4. Nxd4 Nf6 5. Nc3 Be7 6. g3 Bg4 7. f3 Bd7 8. Bg2
Nc6 9. O-O Nxd4 10. Qxd4 O-O 11. b3 h6 12. Bb2 c6 13. Ne2 Ne8 14. c4 Be6 15.
Nf4 Bf6 16. Qf2 Bxb2 17. Qxb2 Qb6+ 18. Kh1 Bxc4 19. Rf2 Be6 20. Rd1 Rd8 21.
Nxe6 fxe6 22. Bh3 Nc7 23. Kg2 e5 24. a4 Rf6 25. Qc3 Kh8 26. Bf5 Ne6 27. Bxe6
Rxe6 28. f4 Rf6 29. f5 Kg8 30. Qc4+ Kf8 31. g4 Ke7 32. h4 Qc5 33. g5 hxg5 34.
hxg5 Rf7 35. Qe6+ Kf8 36. Rh1 Kg8 1-0

[Event "7. Lichtenberger Sommer"]
[Site "Berlin"]
[Date "2008.08.16"]
[Round "1.30"]
[White "Bockelmann, Rolf"]
[Black "Zschaebitz, Klaus"]
[Result "0-1"]
[WhiteElo "1796"]
[BlackElo "2103"]
[PlyCount "140"]
[EventDate "2008.??.??"]
[WhiteTeam "SG Lasker Steglitz-Wilmersdorf"]
[BlackTeam "BSG 1827 Eckbauer e.V."]

1. e4 e6 2. d4 d5 3. Nc3 Bb4 4. Nge2 dxe4 5. a3 Bxc3+ 6. Nxc3 Nc6 7. Bb5 Nge7
8. Nxe4 O-O 9. c3 b6 10. O-O Bb7 11. Qe2 h6 12. Bd3 e5 13. dxe5 Nxe5 14. Bc2
N7g6 15. f4 Nd7 16. Be3 Re8 17. Bd4 c5 18. Be5 Ngxe5 19. fxe5 Rxe5 20. Qf3 Qe7
21. Rae1 Re8 22. h3 Bxe4 23. Bxe4 Rxe4 24. Rxe4 Qxe4 25. Qxf7+ Kh7 26. Qxd7 Re6
27. Qd2 c4 28. Qd1 Qe3+ 29. Kh1 Qe2 30. Qb1+ Qd3 31. Qc1 Re2 32. Rd1 Rc2 33.
Qb1 Qe2 34. Rg1 Kg8 35. b3 Rxc3 36. bxc4 Qxc4 37. Rd1 Rc2 38. Rd8+ Kf7 39. Rd7+
Ke6 40. Rd1 b5 41. Re1+ Kf7 42. Rf1+ Kg8 43. Rd1 a5 44. Rd8+ Kf7 45. Rd7+ Ke6
46. Rd1 a4 47. Re1+ Kf7 48. Rf1+ Kg8 49. Rd1 Qe2 50. Rg1 Rb2 51. Qc1 Qc2 52.
Qe3 Qc6 53. Qe5 Rb3 54. Qb8+ Kh7 55. Kh2 Rxa3 56. Qf8 Ra2 57. Qf5+ Kg8 58. Qb1
Rc2 59. Qd1 b4 60. Qd8+ Kh7 61. Qd4 b3 62. Qxa4 b2 63. Qb3 Qd6+ 64. Kh1 Rd2 65.
Qb7 Qd5 66. Qb4 Qd4 67. Qb3 Re2 68. Qb5 Qxg1+ 69. Kxg1 Re1+ 70. Kf2 b1=Q 0-1

[Event "7. Lichtenberger Sommer"]
[Site "Berlin"]
[Date "2008.08.16"]
[Round "1.31"]
[White "Rozov, Boris"]
[Black "Krusemark, Gerhard"]
[Result "0-1"]
[WhiteElo "2155"]
[BlackElo "1705"]
[PlyCount "64"]
[EventDate "2008.??.??"]
[WhiteTeam "SV Dresden-Leuben"]
[BlackTeam "TSG Rot-Weiß Fredersdorf/Vogelsd"]

1. d4 Nf6 2. Nc3 d5 3. Bg5 Nbd7 4. Nf3 h6 5. Bh4 g5 6. Bg3 c6 7. Qd3 Bg7 8. e4
dxe4 9. Nxe4 Nxe4 10. Qxe4 Nf6 11. Qd3 Qa5+ 12. Qd2 Qb6 13. O-O-O Ne4 14. Qe3
Nxg3 15. hxg3 Be6 16. Kb1 O-O-O 17. Be2 Kb8 18. Ne5 Rd5 19. Nc4 Qc7 20. b4 Rhd8
21. c3 b6 22. Bf3 R5d7 23. Qe2 Qc8 24. Ne5 Rd6 25. Rd2 Bf5+ 26. Kc1 Re6 27. Kb2
f6 28. Nxc6+ Rxc6 29. Bxc6 Qxc6 30. Qxe7 Rc8 31. Qe3 Be6 32. Qf3 Bd5 0-1

[Event "7. Lichtenberger Sommer"]
[Site "Berlin"]
[Date "2008.08.16"]
[Round "1.32"]
[White "Prix, Siegfried"]
[Black "Kapp, Martin"]
[Result "0-1"]
[WhiteElo "1761"]
[BlackElo "2072"]
[PlyCount "64"]
[EventDate "2008.??.??"]
[WhiteTeam "Sfrd. Berlin 1903 e.V."]
[BlackTeam "TSV IFA Chemnitz"]

1. e4 e6 2. d4 d5 3. Nc3 Bb4 4. Bd3 c5 5. exd5 exd5 6. Nf3 Nf6 7. O-O O-O 8.
Bg5 Be6 9. Re1 h6 10. Be3 c4 11. Be2 Ne4 12. Bd2 Nxd2 13. Qxd2 Nd7 14. a3 Ba5
15. b4 Bc7 16. Nb5 Bb8 17. a4 g5 18. g3 a6 19. Na3 Nf6 20. c3 Ne4 21. Qc2 Qf6
22. Bd1 Bf5 23. Qb2 Ba7 24. Re3 Rae8 25. a5 Re6 26. Ba4 Rd8 27. Rae1 h5 28. h4
g4 29. Ne5 Rxe5 30. dxe5 Qxe5 31. R3e2 Qxg3+ 32. Kf1 Qh3+ 0-1

[Event "7. Lichtenberger Sommer"]
[Site "Berlin"]
[Date "2008.08.16"]
[Round "1.33"]
[White "Dimitrijeski, Kristian"]
[Black "Lerch, Philipp"]
[Result "1-0"]
[WhiteElo "2167"]
[BlackElo "1819"]
[PlyCount "113"]
[EventDate "2008.??.??"]
[WhiteTeam "Sfrd. Berlin 1903 e.V."]
[BlackTeam "TuS Makkabi Berlin e.V."]

1. d4 Nf6 2. c4 c5 3. d5 b5 4. cxb5 a6 5. Nc3 axb5 6. e4 b4 7. Nb5 d6 8. Bf4
Nbd7 9. Nf3 Bb7 10. Bd3 g6 11. O-O Bg7 12. Bxd6 exd6 13. Nxd6+ Kf8 14. Nxb7 Qb6
15. e5 Qxb7 16. exf6 Bxf6 17. Qb3 Kg7 18. a4 Rhd8 19. Bb5 Qc7 20. Rfd1 Ne5 21.
Nxe5 Qxe5 22. Rd2 Rd6 23. Bc6 Rad8 24. Qc2 Qg5 25. Re2 Bd4 26. a5 Rxd5 27. Bxd5
Qxd5 28. a6 c4 29. h3 b3 30. Qd2 Qa8 31. Qb4 Qd5 32. a7 c3 33. bxc3 Bxa7 34. c4
Qd4 35. Rc1 Rb8 36. Qd2 b2 37. Rb1 Qxc4 38. Rxb2 Rxb2 39. Qxb2+ Qd4 40. Qxd4+
Bxd4 41. g3 Bf6 42. Kg2 Ba1 43. Ra2 Bf6 44. Ra7 Bd4 45. Rb7 Be5 46. f4 Bd4 47.
Kf3 Bf6 48. g4 Bc3 49. Ke4 Bd2 50. f5 Bg5 51. Rd7 Kf6 52. Rd6+ Ke7 53. Ra6 Kf8
54. f6 Ke8 55. Ke5 h6 56. Ra8+ Kd7 57. Rf8 1-0

[Event "7. Lichtenberger Sommer"]
[Site "Berlin"]
[Date "2008.08.16"]
[Round "1.34"]
[White "Ruehrmund, Daniel"]
[Black "Schleich, Theodor"]
[Result "0-1"]
[WhiteElo "1823"]
[BlackElo "2099"]
[PlyCount "100"]
[EventDate "2008.??.??"]
[WhiteTeam "SC Einheit Bautzen"]
[BlackTeam "FC Bayern München e.V."]

1. e4 e6 2. d4 c5 3. Nf3 cxd4 4. Nxd4 Qb6 5. Nb3 Nf6 6. Nc3 Bb4 7. Bd3 Bxc3+ 8.
bxc3 d6 9. O-O O-O 10. Qe2 e5 11. Ba3 Rd8 12. c4 Nc6 13. Rab1 Qc7 14. Kh1 Be6
15. f3 Rac8 16. Nd2 b6 17. Qf2 Nb8 18. f4 exf4 19. Qxf4 Nc6 20. Qg3 Ne8 21. Nf3
Ne5 22. Nxe5 dxe5 23. Bb2 f6 24. Ba3 Bxc4 25. Bxc4+ Qxc4 26. Qxe5 Nd6 27. Qd5+
Qxd5 28. exd5 Nc4 29. Bb4 a5 30. Be1 Rxd5 31. Rf2 b5 32. Kg1 Re8 33. h3 b4 34.
c3 Rde5 35. Rf1 Ne3 36. Rf3 Nd5 37. Bg3 Nxc3 38. Rxc3 bxc3 39. Bxe5 Rxe5 40.
Rc1 Re2 41. a3 c2 42. Kh2 f5 43. Kg3 g5 44. Kf3 Rd2 45. g3 Rd3+ 46. Kf2 Rc3 47.
a4 Kf7 48. Kg2 Ke6 49. Kf2 Kd5 50. Kg2 Kc4 0-1

[Event "7. Lichtenberger Sommer"]
[Site "Berlin"]
[Date "2008.08.16"]
[Round "1.35"]
[White "Gschwendtner, Klaus"]
[Black "Kiessling, Beate"]
[Result "1-0"]
[WhiteElo "2078"]
[BlackElo "1692"]
[PlyCount "23"]
[EventDate "2008.??.??"]
[WhiteTeam "SC Starnberg"]
[BlackTeam "Queer-Springer SSV Berlin"]

1. e4 c6 2. d3 d5 3. Nd2 e5 4. Ngf3 Nd7 5. g3 Ngf6 6. Bg2 Bd6 7. O-O O-O 8. a4
a6 9. b3 Bb4 10. Bb2 d4 11. Nc4 Qc7 12. a5 1-0

[Event "7. Lichtenberger Sommer"]
[Site "Berlin"]
[Date "2008.08.16"]
[Round "1.36"]
[White "Bandsom, Olaf"]
[Black "Bukowski, Henryk"]
[Result "0-1"]
[WhiteElo "1774"]
[BlackElo "2175"]
[PlyCount "54"]
[EventDate "2008.??.??"]
[WhiteTeam "SC Friesen Lichtenberg e.V."]
[BlackTeam "BSC Rehberge 1945 e.V."]

1. e4 c6 2. d4 d5 3. exd5 cxd5 4. Nc3 Nf6 5. Nf3 e6 6. Bd3 Be7 7. O-O O-O 8.
Re1 Nc6 9. Bg5 a6 10. a3 Re8 11. Qd2 b5 12. b4 Bb7 13. Re2 Rc8 14. Rae1 Qb6 15.
h3 g6 16. Be3 Nxb4 17. Ra1 Nxd3 18. Qxd3 Ne4 19. Nd1 Qc7 20. Ne5 Nc3 21. Nxc3
Qxc3 22. Qxc3 Rxc3 23. a4 b4 24. Nd3 Rec8 25. Nc5 Bxc5 26. dxc5 a5 27. f4 Ba6
0-1

[Event "7. Lichtenberger Sommer"]
[Site "Berlin"]
[Date "2008.08.16"]
[Round "1.37"]
[White "Newrkla, Alexander"]
[Black "Hesselbarth, Karlheinz"]
[Result "1/2-1/2"]
[WhiteElo "2055"]
[BlackElo "1857"]
[PlyCount "113"]
[EventDate "2008.??.??"]
[BlackTeam "SC Zugzwang 95 e.V."]

1. e4 e5 2. Nf3 Nc6 3. d4 exd4 4. Nxd4 Qh4 5. Nc3 Bb4 6. Ndb5 Qxe4+ 7. Be3 Kd8
8. a3 Bxc3+ 9. Nxc3 Qg6 10. Qd2 Nge7 11. O-O-O d6 12. f3 f6 13. Bc4 Re8 14. Ne4
Bf5 15. Nxd6 cxd6 16. Qxd6+ Kc8 17. Bf4 Ne5 18. g4 N7c6 19. gxf5 Qxf5 20. Bxe5
Qxe5 21. Qd7+ Kb8 22. Rhe1 Qxe1 23. Rxe1 Rxe1+ 24. Kd2 Re7 25. Qd6+ Rc7 26.
Qf8+ Rc8 27. Qxg7 a6 28. Qxf6 Ka7 29. Bd5 Rd8 30. c4 Rac8 31. Kc3 Re8 32. Bxc6
Rxc6 33. Qf7 Re2 34. Qf4 Rg6 35. b4 Rgg2 36. h4 Ra2 37. Kb3 Rad2 38. b5 Rd3+
39. Kb4 Rb2+ 40. Kc5 axb5 41. cxb5 Rc2+ 42. Kb4 Rcc3 43. Qf6 Rb3+ 44. Kc4 Rxa3
45. Qb2 Kb6 46. Qf2+ Kc7 47. Qc5+ Kb8 48. Qe5+ Ka7 49. f4 Re3 50. Qd4+ b6 51.
Qd7+ Kb8 52. Qd6+ Kb7 53. Qc6+ Ka7 54. Qc7+ Ka8 55. Qxb6 Rac3+ 56. Kd4 Rcd3+
57. Kc4 1/2-1/2

[Event "7. Lichtenberger Sommer"]
[Site "Berlin"]
[Date "2008.08.16"]
[Round "1.38"]
[White "Kujawa, Werner"]
[Black "Kapr, Klaus"]
[Result "0-1"]
[WhiteElo "1848"]
[BlackElo "2059"]
[PlyCount "74"]
[EventDate "2008.??.??"]
[WhiteTeam "SV Motor Wildau e.V."]
[BlackTeam "SC Friesen Lichtenberg e.V."]

1. Nf3 d5 2. d4 Nc6 3. c4 Bg4 4. cxd5 Bxf3 5. dxc6 Bxc6 6. Nc3 Nf6 7. Bg5 e6 8.
f3 Be7 9. Qd2 O-O 10. e4 h6 11. Be3 Qd7 12. Bc4 b5 13. Bb3 b4 14. Ne2 a5 15.
Bc2 Bb5 16. Bd3 Bxd3 17. Qxd3 c5 18. Rd1 Rfd8 19. Qb1 Qb5 20. Kf2 cxd4 21. Nxd4
Qh5 22. Nc6 Re8 23. Qc2 Bf8 24. e5 Nd5 25. Bc5 Bxc5+ 26. Qxc5 Rac8 27. Rxd5
exd5 28. Ne7+ Kh8 29. Nxc8 Qxe5 30. Rc1 Qe2+ 31. Kg1 Qxb2 32. Nd6 Re7 33. Nf5
Re2 34. Ne3 Kh7 35. Rc2 Qb1+ 36. Rc1 Qxa2 37. Qd4 Qa3 0-1

[Event "7. Lichtenberger Sommer"]
[Site "Berlin"]
[Date "2008.08.16"]
[Round "1.39"]
[White "Buttkus, Andre"]
[Black "Kleine, Peter"]
[Result "1-0"]
[WhiteElo "2050"]
[BlackElo "1903"]
[PlyCount "33"]
[EventDate "2008.??.??"]
[WhiteTeam "SK Tempelhof 1931 e.V."]
[BlackTeam "SV Berlin-Friedrichstadt"]

1. d4 d5 2. c4 dxc4 3. Nf3 b5 4. e3 Bb7 5. a4 a6 6. axb5 axb5 7. Rxa8 Bxa8 8.
b3 Bxf3 9. Qxf3 e6 10. bxc4 Bb4+ 11. Nd2 c6 12. cxb5 Qa5 13. Be2 Bxd2+ 14. Bxd2
Qa1+ 15. Bd1 cxb5 16. Qb7 Nd7 17. Qc8+ 1-0

[Event "7. Lichtenberger Sommer"]
[Site "Berlin"]
[Date "2008.08.16"]
[Round "1.40"]
[White "Dvorsky, Rudolf"]
[Black "Friedrich, Wiede"]
[Result "0-1"]
[WhiteElo "1794"]
[BlackElo "2044"]
[PlyCount "50"]
[EventDate "2008.??.??"]
[WhiteTeam "SG Narva Berlin e.V."]
[BlackTeam "USV Potsdam e.V., Abt. Schach"]

1. e4 c5 2. Nf3 d6 3. d4 cxd4 4. Nxd4 Nf6 5. Nc3 g6 6. Be3 Bg7 7. Bc4 O-O 8. f3
Nc6 9. Bb3 Bd7 10. Qd2 Rc8 11. O-O-O Ne5 12. h4 Qa5 13. Nd5 Qxd2+ 14. Rxd2 Nxd5
15. exd5 a5 16. a3 Nc4 17. Bxc4 Rxc4 18. h5 Rfc8 19. hxg6 hxg6 20. c3 b5 21.
Nc2 b4 22. axb4 axb4 23. g3 bxc3 24. bxc3 Rxc3 25. Kd1 Ba4 0-1

[Event "7. Lichtenberger Sommer"]
[Site "Berlin"]
[Date "2008.08.16"]
[Round "1.41"]
[White "Wasem, Ralph"]
[Black "Schweitzer, Paul"]
[Result "1-0"]
[WhiteElo "2100"]
[BlackElo "1829"]
[PlyCount "109"]
[EventDate "2008.??.??"]
[WhiteTeam "SK Landau"]
[BlackTeam "SV Königsjäger Süd-West e.V."]

1. e4 e6 2. f4 c6 3. Nf3 Be7 4. Nc3 Nf6 5. e5 Nd5 6. Nxd5 exd5 7. b3 a5 8. a4
Na6 9. Bb2 O-O 10. g3 Qb6 11. Bg2 d6 12. Bd4 c5 13. Bf2 Be6 14. O-O Rad8 15.
Qe2 dxe5 16. Nxe5 Bf6 17. Rae1 Bf5 18. d3 Qd6 19. g4 Bc8 20. g5 Bxe5 21. Qxe5
b6 22. c3 d4 23. cxd4 cxd4 24. Re4 Qxe5 25. fxe5 Bf5 26. Rxd4 Rxd4 27. Bxd4
Bxd3 28. Rc1 h6 29. gxh6 gxh6 30. Bxb6 Rb8 31. Rc6 Kh7 32. Rd6 Bf5 33. Bf1 Rg8+
34. Kf2 Nb8 35. Bxa5 Nd7 36. Bd2 Be6 37. Bd3+ Kh8 38. a5 Nc5 39. b4 Nxd3+ 40.
Rxd3 Rg6 41. a6 Bc4 42. a7 Rg8 43. Rd4 Bb5 44. Rd5 Bc6 45. Rd6 Be4 46. b5 h5
47. Rh6+ Kg7 48. Rxh5 Ra8 49. Rh4 Bd5 50. Rd4 Bh1 51. Rd7 Kg6 52. b6 Kf5 53. b7
Bxb7 54. Rxb7 Kxe5 55. Be3 1-0

[Event "7. Lichtenberger Sommer"]
[Site "Berlin"]
[Date "2008.08.16"]
[Round "1.42"]
[White "Baumeister, Wolfgang"]
[Black "Carrasco, Paul"]
[Result "1/2-1/2"]
[WhiteElo "1806"]
[BlackElo "2041"]
[PlyCount "45"]
[EventDate "2008.??.??"]
[WhiteTeam "SC Kreuzberg e.V."]

1. e4 Nf6 2. Nc3 d5 3. exd5 Nxd5 4. Bc4 Nxc3 5. Qf3 e6 6. Qxc3 Nd7 7. Nf3 c5 8.
O-O Nf6 9. Re1 Bd6 10. d4 O-O 11. dxc5 Bxc5 12. Bg5 Qb6 13. Re2 Nd5 14. Bxd5
exd5 15. Be7 Bxe7 16. Rxe7 h6 17. Rae1 Bg4 18. Qd4 Bxf3 19. Qxb6 axb6 20. gxf3
Rxa2 21. Rb1 Rc8 22. Rxb7 Rxc2 23. Rxb6 1/2-1/2

[Event "7. Lichtenberger Sommer"]
[Site "Berlin"]
[Date "2008.08.16"]
[Round "1.43"]
[White "Poseck, Steffen"]
[Black "Engelhardt, Erhard"]
[Result "0-1"]
[WhiteElo "2107"]
[BlackElo "1820"]
[PlyCount "160"]
[EventDate "2008.??.??"]
[WhiteTeam "SC Rotation Pankow e.V."]
[BlackTeam "SSV Rotation Berlin e.V."]

1. d4 e6 2. c4 b6 3. Nf3 Bb7 4. Nc3 Bb4 5. a3 Bxc3+ 6. bxc3 Ne7 7. e3 O-O 8.
Be2 d6 9. O-O Nd7 10. Qb3 c5 11. a4 Qc7 12. Ba3 Rab8 13. Nd2 Rfd8 14. e4 Nf6
15. Qc2 e5 16. f4 exf4 17. Rxf4 Ng6 18. Rf2 Re8 19. Bf3 Nh4 20. Raf1 Re7 21. d5
Rbe8 22. Bc1 Ba6 23. Be2 Ng6 24. Bd3 Ne5 25. Rxf6 gxf6 26. Rxf6 Kg7 27. Rf4 Bc8
28. Nf1 Ng6 29. Rf2 Rf8 30. Ng3 Re5 31. Qd2 Qe7 32. Qh6+ Kg8 33. Nh5 f5 34. Bg5
Qf7 35. Bf6 fxe4 36. Be2 Rf5 37. Rxf5 Bxf5 38. Bg7 Qe7 39. Bxf8 Qxf8 40. Qg5
Bc8 41. Nf6+ Kg7 42. Nxe4 Bd7 43. Bd1 Kh8 44. Qf6+ Qxf6 45. Nxf6 Ne5 46. Bb3
Kg7 47. Ne4 Nf7 48. Kf2 Bf5 49. Ng3 Bg6 50. Ne2 Kf6 51. Nf4 Bf5 52. h3 Ne5 53.
Ke3 Bc8 54. Nh5+ Kg5 55. Ng3 Kf6 56. Ne4+ Ke7 57. Ng5 h6 58. Nf3 Nd7 59. Nh4
Kf6 60. Nf3 Ba6 61. Nd2 Ne5 62. g3 Bc8 63. g4 Ba6 64. Ba2 Kf7 65. Ne4 Ke7 66.
g5 hxg5 67. Nxg5 Bxc4 68. Bxc4 Nxc4+ 69. Kf4 a6 70. Kf5 Ne5 71. h4 b5 72. axb5
axb5 73. h5 b4 74. cxb4 cxb4 75. h6 b3 76. h7 b2 77. h8=Q b1=Q+ 78. Ne4 Qf1+
79. Nf2 Qxf2+ 80. Ke4 Qf3+ 0-1

[Event "7. Lichtenberger Sommer"]
[Site "Berlin"]
[Date "2008.08.16"]
[Round "1.44"]
[White "Bergmann, Jens"]
[Black "Schink, Barbara"]
[Result "1-0"]
[WhiteElo "1625"]
[BlackElo "2046"]
[PlyCount "79"]
[EventDate "2008.??.??"]
[WhiteTeam "SK Tempelhof 1931 e.V."]
[BlackTeam "Strassenbahn Graz"]

1. c3 d5 2. Qb3 e5 3. d4 e4 4. Bf4 Nf6 5. h3 c6 6. e3 Nh5 7. Bh2 f5 8. g4 fxg4
9. hxg4 Nf6 10. Be2 Qb6 11. Qxb6 axb6 12. g5 Nfd7 13. Nh3 Be7 14. Bh5+ g6 15.
Bg4 Na6 16. Nd2 Nf8 17. Be5 Rg8 18. Bxc8 Rxc8 19. Ke2 Nc7 20. Rag1 Nce6 21. f3
exf3+ 22. Nxf3 b5 23. a3 Nd7 24. Nf4 Nef8 25. Kd3 Nxe5+ 26. Nxe5 Rg7 27. e4
dxe4+ 28. Kxe4 Bd6 29. Ned3 Re7+ 30. Kf3 Rf7 31. Re1+ Kd8 32. Kg4 Kc7 33. Rhf1
Rf5 34. Rf3 b6 35. Ng2 Rxf3 36. Kxf3 c5 37. Ne3 Nd7 38. Nd5+ Kb7 39. Re6 Kc6
40. Ne7+ 1-0

[Event "7. Lichtenberger Sommer"]
[Site "Berlin"]
[Date "2008.08.16"]
[Round "1.45"]
[White "Van Asseldonk, Paul"]
[Black "Schalck, Christiano"]
[Result "1-0"]
[WhiteElo "2101"]
[BlackElo "1747"]
[PlyCount "81"]
[EventDate "2008.??.??"]
[WhiteTeam "HSC Helmond"]
[BlackTeam "SC Schwarz-Weiß Lichtenrade e.V."]

1. e4 e5 2. Nf3 Nc6 3. Bc4 Nf6 4. d3 Bc5 5. Bg5 h6 6. Bh4 d6 7. Nc3 Bg4 8. h3
Bxf3 9. Qxf3 Nd4 10. Qd1 c6 11. Ne2 Ne6 12. Bxe6 fxe6 13. d4 Bxd4 14. Nxd4 exd4
15. Qxd4 e5 16. Qb4 Qe7 17. O-O-O g5 18. Bg3 O-O-O 19. f3 c5 20. Qc4 Nd7 21. a4
Nb6 22. Qb3 Nd7 23. Rd2 Rhf8 24. a5 Nb8 25. h4 Qc7 26. Qe6+ Rd7 27. Kb1 Nc6 28.
c3 Nxa5 29. Rhd1 Kb8 30. Bxe5 Ka8 31. Bxd6 Qb6 32. Qxd7 Rd8 33. Qxd8+ Qxd8 34.
Bxc5 Qc7 35. Rd8+ Qb8 36. Rxb8+ Kxb8 37. hxg5 hxg5 38. Rd5 b6 39. Bd6+ Kb7 40.
Rxg5 Nc4 41. Bf4 1-0

[Event "7. Lichtenberger Sommer"]
[Site "Berlin"]
[Date "2008.08.16"]
[Round "1.46"]
[White "Nekrasova, Kateryna"]
[Black "Maahs, Erich"]
[Result "0-1"]
[WhiteElo "1788"]
[BlackElo "2157"]
[PlyCount "48"]
[EventDate "2008.??.??"]
[WhiteTeam "SV Empor Berlin e.V."]
[BlackTeam "SC Concordia SAbt Palame"]

1. e4 e5 2. Nf3 Nf6 3. Nxe5 d6 4. Nf3 Nxe4 5. d4 d5 6. Bd3 Be7 7. O-O Nc6 8. c3
Bg4 9. h3 Bh5 10. Bf4 O-O 11. Be2 Bd6 12. Bxd6 Qxd6 13. Nbd2 Rae8 14. Qc2 Qf4
15. Bd3 f5 16. Rae1 Re6 17. Re3 Rg6 18. Rfe1 Nd8 19. c4 c6 20. Bf1 Ne6 21. cxd5
cxd5 22. Rd3 N6g5 23. Kh1 Nxf2+ 24. Kg1 Ngxh3# 0-1

[Event "7. Lichtenberger Sommer"]
[Site "Berlin"]
[Date "2008.08.16"]
[Round "1.47"]
[White "Hahlbohm, Matthias"]
[Black "Sawlin, Leonid"]
[Result "1-0"]
[WhiteElo "2085"]
[BlackElo "1872"]
[PlyCount "93"]
[EventDate "2008.??.??"]
[WhiteTeam "TSG Oberschöneweide e.V."]
[BlackTeam "TuS Makkabi Berlin e.V."]

1. e4 e6 2. d4 d5 3. e5 c5 4. c3 Nc6 5. Nf3 Qb6 6. a3 a5 7. Bd3 Bd7 8. Bc2 cxd4
9. cxd4 f5 10. O-O g6 11. Nc3 Bg7 12. Na4 Qc7 13. Be3 Nge7 14. Nc5 b6 15. Nxd7
Qxd7 16. Ba4 O-O 17. Rc1 h6 18. h4 Kh7 19. g3 Qb7 20. Qd3 Na7 21. Bb5 Nxb5 22.
Qxb5 Rac8 23. Bd2 Nc6 24. Qb3 b5 25. Kg2 Qb6 26. Qd3 Na7 27. b4 Rc4 28. bxa5
Qa6 29. Bb4 Rfc8 30. Bc5 Nc6 31. Rb1 Nxe5 32. Nxe5 Bxe5 33. Rfe1 Bg7 34. Bb6
R8c6 35. Rb3 Qc8 36. Qe2 Bxd4 37. Bxd4 Rxd4 38. Qxb5 Kg8 39. Rb4 Rdc4 40. Reb1
R4c5 41. Qe2 Qa6 42. Qe5 Rc7 43. Rb6 Qc4 44. Qxe6+ Kf8 45. Qxg6 Qe4+ 46. Kh2
Qf3 47. Rf6+ 1-0

[Event "7. Lichtenberger Sommer"]
[Site "Berlin"]
[Date "2008.08.16"]
[Round "1.48"]
[White "Alvarez, Luis"]
[Black "Newrkla, Katharina"]
[Result "1/2-1/2"]
[WhiteElo "1824"]
[BlackElo "2049"]
[PlyCount "65"]
[EventDate "2008.??.??"]
[WhiteTeam "Schachclub Zug um Zug Everswinke"]
[BlackTeam "Austria  Wien"]

1. e4 c5 2. Nf3 d6 3. c3 Nf6 4. h3 g6 5. Bd3 Bg7 6. Bc2 O-O 7. O-O Nc6 8. d4
cxd4 9. Nxd4 Bd7 10. Be3 a6 11. a4 Qc7 12. Nd2 Rac8 13. Rc1 d5 14. exd5 Nxd5
15. Bg5 e5 16. Nxc6 Bxc6 17. Nf3 f6 18. Bd2 Rcd8 19. Qe2 Kh8 20. Rfd1 Rde8 21.
Qc4 b5 22. axb5 axb5 23. Qh4 Ne7 24. c4 Bxf3 25. gxf3 Qxc4 26. Be4 Qe6 27. Bb4
f5 28. Bxe7 Qxe7 29. Qxe7 Rxe7 30. Bc6 b4 31. b3 h5 32. Rc4 Rb8 33. Rd6 1/2-1/2

[Event "7. Lichtenberger Sommer"]
[Site "Berlin"]
[Date "2008.08.16"]
[Round "1.49"]
[White "Schulz, Hartmut"]
[Black "Schoenemann, Manfred"]
[Result "1-0"]
[WhiteElo "2149"]
[BlackElo "1807"]
[PlyCount "53"]
[EventDate "2008.??.??"]
[WhiteTeam "SC Rotation Pankow e.V."]
[BlackTeam "SV Turbine Berlin e.V."]

1. d4 Nf6 2. c4 c5 3. e3 e6 4. Nc3 d5 5. Nf3 a6 6. cxd5 Nxd5 7. Bc4 Nxc3 8.
bxc3 cxd4 9. cxd4 b5 10. Bd3 Bb7 11. O-O Bd6 12. e4 O-O 13. Be3 Nd7 14. Qe2 Rc8
15. a4 Nb6 16. axb5 axb5 17. e5 Bxf3 18. Qxf3 Bb4 19. Qe4 g6 20. Bxb5 f6 21.
exf6 Qxf6 22. Ra6 Rb8 23. Bd3 Rf7 24. Rb1 Bd2 25. Raxb6 Bxe3 26. Rxb8+ Kg7 27.
Qxe3 1-0

[Event "7. Lichtenberger Sommer"]
[Site "Berlin"]
[Date "2008.08.16"]
[Round "1.50"]
[White "Ollek, Karl-Heinz"]
[Black "Fischer, Daniel"]
[Result "0-1"]
[WhiteElo "1861"]
[BlackElo "2094"]
[PlyCount "70"]
[EventDate "2008.??.??"]
[WhiteTeam "SC Friesen Lichtenberg e.V."]
[BlackTeam "SK Oberkirch"]

1. Nf3 d6 2. g3 e5 3. d3 f5 4. Bg2 Nf6 5. Nbd2 Be7 6. O-O O-O 7. b3 Qe8 8. e4
Nc6 9. Bb2 f4 10. gxf4 Nh5 11. f5 Nf4 12. Ne1 g6 13. d4 gxf5 14. Kh1 Nxg2 15.
Rg1 Kh8 16. Rxg2 Nxd4 17. c3 Nc6 18. f4 fxe4 19. Nxe4 Rxf4 20. Ng3 Bg4 21. Qd5
Qf7 22. Qxf7 Rxf7 23. Kg1 Raf8 24. Nd3 Bg5 25. Bc1 Bxc1 26. Rxc1 Bh3 27. Rf2
Rxf2 28. Nxf2 Bd7 29. Rd1 Ne7 30. c4 Bc6 31. Re1 Ng6 32. b4 Nh4 33. Re3 Nf3+
34. Kg2 Nxh2+ 35. Nge4 Rxf2+ 0-1

[Event "7. Lichtenberger Sommer"]
[Site "Berlin"]
[Date "2008.08.16"]
[Round "1.51"]
[White "Koch, Friedrich"]
[Black "Thonig, Manfred"]
[Result "1-0"]
[WhiteElo "2063"]
[BlackElo "1728"]
[PlyCount "83"]
[EventDate "2008.??.??"]
[WhiteTeam "SV Empor Berlin e.V."]
[BlackTeam "SC Starnberg"]

1. e4 g6 2. d4 Bg7 3. Nc3 d6 4. Be3 Nd7 5. Qd2 a6 6. O-O-O b5 7. f3 c6 8. g4 a5
9. h4 h5 10. g5 Ba6 11. f4 e6 12. f5 Nb6 13. Bh3 b4 14. Nb1 Nc4 15. Qf2 Nxe3
16. Qxe3 Nf6 17. fxe6 fxe6 18. Bxe6 Qe7 19. gxf6 Qxf6 20. Qh3 Rf8 21. Bd7+ Ke7
22. Bxc6 Ra7 23. Qe3 Rc7 24. Ba4 Rh8 25. e5 dxe5 26. Qxe5+ Qxe5 27. dxe5 Bh6+
28. Nd2 Bb7 29. Rh2 Be4 30. Kb1 Bf4 31. Re2 Bf5 32. Rf1 Bh6 33. Ne4 Rhc8 34.
Nd6 Bxc2+ 35. Rxc2 Rxc2 36. Bxc2 Rc5 37. Nf3 Bg7 38. Bxg6 Bxe5 39. Nxe5 Rxe5
40. Nc4 Re6 41. Rf7+ Kd8 42. Bxh5 1-0

[Event "7. Lichtenberger Sommer"]
[Site "Berlin"]
[Date "2008.08.16"]
[Round "1.52"]
[White "Boeck, Ruediger"]
[Black "Exler, Veronika"]
[Result "0-1"]
[WhiteElo "1605"]
[BlackElo "2011"]
[PlyCount "140"]
[EventDate "2008.??.??"]
[WhiteTeam "SC Weisse Dame Ulm e.V."]
[BlackTeam "SC Donaustadt Wien"]

1. e4 c6 2. d4 d5 3. Nc3 dxe4 4. Nxe4 Nd7 5. Nf3 Ngf6 6. Ng3 Qc7 7. Bg5 b6 8.
Bc4 e6 9. O-O Bd6 10. Qe2 O-O 11. Ne4 Nxe4 12. Qxe4 Re8 13. d5 Nc5 14. Qe2 cxd5
15. Bxd5 Ba6 16. Bc4 Bb7 17. h3 Rec8 18. c3 a6 19. Rad1 b5 20. Bd3 Nxd3 21.
Rxd3 Bd5 22. b3 Qb7 23. Rfd1 a5 24. Ne1 a4 25. Qb2 axb3 26. axb3 Be5 27. Rc1 b4
28. Bd2 Ra3 29. Nf3 Bxf3 30. Rxf3 Qd5 31. Rb1 Rd8 32. Bf4 Bf6 33. Qc1 Rxb3 34.
cxb4 Rxf3 35. gxf3 Qxf3 36. b5 Bd4 37. Be3 Bxe3 38. Qxe3 Qxe3 39. fxe3 Rb8 40.
Kf2 Kf8 41. e4 Ke7 42. Ke3 Rd8 43. Ra1 Rb8 44. Rb1 e5 45. Kd3 Rc8 46. Rb4 Kd6
47. Ra4 Rc7 48. Ra2 f6 49. Ra8 Kc5 50. Rb8 Ra7 51. b6 Ra3+ 52. Kc2 Rxh3 53. b7
Kc6 54. Rg8 Kxb7 55. Rxg7+ Kc6 56. Rf7 Rh6 57. Kd2 Kd6 58. Ke2 Ke6 59. Rf8 Ke7
60. Rb8 Kf7 61. Kf3 Rh4 62. Rb7+ Kg6 63. Rb5 Rf4+ 64. Ke3 h5 65. Rb2 h4 66. Rh2
Kh5 67. Rg2 h3 68. Rg8 Kh4 69. Rh8+ Kg3 70. Rg8+ Rg4 0-1